Codi de règim local 1989 : Legislació sobre règim local vigent a Catalunya Legislació sobre règim local vigent a Catalunya
Publicado:
Barcelona :
Federació de Municipis de Catalunya : amb la col·laboració de la Diputació de Barcelona ,
1989
Descripción Física:
502 p. ; 30 cm
Colección:
Quaderns municipals ; 5
MARC
| LEADER | 00000nam a2200000Ia 4500 | ||
|---|---|---|---|
| 001 | 8788 | ||
| 008 | 160829s1989 xx 000 0 cat d | ||
| 080 | |a D-1-7 | ||
| 245 | |a Codi de règim local 1989 : |b Legislació sobre règim local vigent a Catalunya | ||
| 260 | |a Barcelona : |b Federació de Municipis de Catalunya : |b amb la col·laboració de la Diputació de Barcelona, |c 1989 | ||
| 300 | |a 502 p. ; |c 30 cm | ||
| 490 | |a Quaderns municipals ; 5 | ||
| 650 | |a Catalunya. Lleis, decrets, etc. |9 30462 | ||
| 650 | 0 | |a Administració local |x Dret i legislació |9 31521 | |
| 650 | |a Espanya. Lleis, decrets, etc. |9 31465 | ||
| 710 | 1 | |a Barcelona (Catalunya : Província). |b Diputació |9 52408 | |
| 710 | |a Federació de Municipis de Catalunya |9 52168 | ||
| 901 | |a Arxiu | ||
| 942 | |n 1 | ||
| 952 | |0 0 |1 0 |4 0 |6 D17 |7 1 |9 43761 |a Arxiu |b Arxiu |d 2016-12-01 |l 0 |o D-1-7 |p 8788 |r 2016-12-01 00:00:00 |w 2016-12-01 |y ARXIU | ||
| 999 | |c 46309 |d 46309 | ||